当初から町制を施行している町(青森県) - Statistics

General Stats
  • This quiz has been taken 44 times
  • The average score is 4 of 5
Answer Stats
Hint Answer % Correct
三戸郡 三戸町
97%
三戸郡 八戸町
84%
東津軽郡 青森町
76%
西津軽郡 鰺ヶ沢町
74%
南津軽郡 黒石町
68%
No matching quizzes found
Score Distribution
Percent of People with Each Score
Percentile by Number Answered
Your Score History
You have not taken this quiz